| 000 | 00951nam a2200229 a 4500 | ||
|---|---|---|---|
| 003 | PILC | ||
| 005 | 20150424235214.0 | ||
| 008 | 080226s19uu xx 00 eng d | ||
| 010 | _aAcc#38194 | ||
| 020 | _a1565637771 | ||
| 050 |
_aOs-Ref BS 425 _bS88 2000 |
||
| 040 | _cPhilippine Baptist Theological Seminary | ||
| 100 | 1 | 0 | _aStrong, James |
| 245 | 1 | 0 |
_aThe exhaustive concordance of the Bible / _cBy James Strong. |
| 260 | 0 |
_aPeabody, MA : _bHendrickson Publishers. |
|
| 300 | _a1340 p. ; 28 cm. | ||
| 520 | _aShowing every word of the text of the common English version of the canonical books, and every occurrence of each word in regular order; together with dictionaries of the Hebrew and Greek words of the original, with references to the English words; | ||
| 650 |
_aBIBLE _xCONCORDANCE, ENGLISH |
||
| 650 |
_aHEBREW LANGUAGES _xDICTIONARIES _xENGLISH |
||
| 650 | 4 |
_aGREEK LANGUAGE, BIBLICAL _xDICTIONARIES _xENGLISH |
|
| 942 |
_cREF _2lcc |
||
| 999 |
_c17338 _d17338 |
||